Il delitto Pasolini

Đã lưu trong:
Chi tiết về thư mục
Tác giả chính: Maconi, Gianluca
Định dạng: Sách
Ngôn ngữ:Tiếng Anh
Được phát hành: Sommacampagna (VR)
Các nhãn: Thêm thẻ
Không có thẻ, Là người đầu tiên thẻ bản ghi này!

MARC

LEADER 00000nam a2200000 4500
001 CDOM0000003755
003 mi
005 20250919172041.0
008 250919b |||||||| |||| 00| 0 eng d
040 |c mi 
100 |a Maconi, Gianluca 
245 1 |a Il delitto Pasolini  
260 |a Sommacampagna (VR) 
942 |2 ddc  |c BK 
952 |0 0  |1 0  |2 ddc  |4 0  |7 0  |9 6969  |a MI  |b MI  |d 2009-08-26  |i 5469  |l 0  |p CDOM5469  |r 2025-07-13 16:28:00  |w 2025-07-13  |x DONO  |y BK 
999 |c 5689  |d 5689